LDR 00746naa#a2200181#i#450# 001 EN\\bibl\122557 005 20260703035731.5 011 ## _a2227-1171 100 ## _a20260630b2026####ek#y0engy0150####ca 102 ## _aRU 200 1# _aTHE USE OF SPECIALIZED KNOWLEDGE IN THE INVESTIGATION OF THE INVOLVEMENT OF MINORS IN DRUG TRAFFICKING IN THE INTERNET ENVIRONMENT _eJournal article 210 1# _aKazan _cKazan law institute Ministry of Internal Affairs Russian Federation _d2026 215 ## _a7 с. 608 ## _aJournal article _2local 675 ## _aТактика расследования отдельных видов преступлений. 343.985.7 _z 700 #1 _aGaripov _gTimur Il'gizovich 700 #1 _aPozdyshev _gRoman Sergeevich 856 4# _avestnikkui.ru _u